000 00512nam a22001817a 4500
005 20220722122543.0
008 220722b ||||| |||| 00| 0 eng d
040 _cAL
041 _aEnglish
082 _223
_a359.00954
_bMINI
100 _aMinistry of Defence
_952688
245 _aIndian maritime doctrine INBR 8
260 _bMinistry of Defence
_c2004
300 _a148 p.
_bPB
_c21x14 cm.
650 _aMaritime doctrine in perspective
_952689
700 _aMINISTRY OF DEFENCE
_952690
942 _2ddc
_cGF
999 _c224113
_d224113